MLB Home Run Leaders by Position - Statistics

General Stats
  • This quiz has been taken 151 times
    135 since last reset
  • The average score is 26 of 70
Answer Stats
Hint Answer % Correct
OF Barry Bonds
87%
SS Alex Rodriguez
80%
Catcher Ivan Rodriguez
79%
Catcher Johnny Bench
79%
Catcher Mike Piazza
79%
OF Babe Ruth
77%
DH David Ortiz
76%
OF Hank Aaron
76%
1B Mark McGwire
74%
OF Willie Mays
73%
OF Sammy Sosa
72%
1B Albert Pujols
71%
OF Ken Griffey Jr.
65%
3B Mike Schmidt
64%
1B Jim Thome
63%
3B Matt Williams
63%
OF Frank Robinson
59%
Catcher Yogi Berra
59%
SS Cal Ripken Jr.
58%
SS Derek Jeter
56%
1B Frank Thomas
56%
DH Edgar Martinez
55%
OF Mickey Mantle
51%
1B Ernie Banks
49%
1B Jimmie Foxx
48%
1B Harmon Killebrew
44%
3B Aramis Ramirez
43%
OF Manny Ramirez
43%
Catcher Carlton Fisk
42%
OF Reggie Jackson
42%
Catcher Gary Carter
40%
1B Rafael Palmeiro
40%
1B Eddie Murray
38%
1B Willie McCovey
37%
2B Ryne Sandberg
34%
3B Chipper Jones
33%
3B Adrian Beltre
30%
2B Joe Morgan
30%
2B Craig Biggio
29%
2B Jeff Kent
29%
2B Robinson Cano
28%
3B Eddie Mathews
25%
SS Robin Yount
25%
Catcher Jorge Posada
22%
DH Nelson Cruz
22%
2B Rogers Hornsby
22%
2B Chase Utley
19%
SS Nomar Garciaparra
19%
3B Darrell Evans
17%
3B Graig Nettles
15%
SS Jimmy Rollins
14%
3B Ron Santo
14%
DH Harold Baines
13%
DH Paul Molitor
13%
SS Miguel Tejada
12%
DH Chili Davis
11%
DH Edwin Encarnacion
9%
Catcher Javy Lopez
8%
Catcher Lance Parrish
8%
2B Bret Boone
7%
3B Gary Gaetti
7%
Catcher Brian McCann
6%
DH Don Baylor
6%
SS Troy Tulowitzki
6%
2B Joe Gordon
5%
2B Ian Kinsler
4%
DH Andre Thornton
1%
DH Brian Downing
1%
SS Jose Valentin
0%
SS Vern Stephens
0%
No matching quizzes found
Score Distribution
Percent of People with Each Score
Percentile by Number Answered
Your Score History
You have not taken this quiz since the last reset